LEADER 01013nam a2200217 i 4500 001 000000107549 003 CaOOAMICUS 005 20160926000000.0 008 160926s1981 it u000 u ita u 013 $a79816 040 $aSeMil$bita 100 1 $aValsecchi, Tarcisio.$0(OLS)http://semarc/name/45274 245 10$aCasletto sul Lago di Pusiano :$bl'occhio vigile della Brianza : note storiche /$cTarcisio Valsecchi. 260 $aCasletto (CO) :$bParrocchia dei santi Gregorio e Marco,$c1981. 300 $a269 p. :$bill. ;$c31 cm. + 1 c. geogr. ripieg. 650 4$aPusiano.$0(OLS)http://semarc/subject/16409 850 $aSeMil 852 $aSeMil$W1$xVenegono$y1$m3P V 449$j63645$B63645$CSeMilBibl$Z2$F213823 $81 961 $aOmaggio: Citterio Mons. Bernardo <1908-2002> 996 $6245$aCasletto sul Lago di Pusiano :$bl'occhio vigile della Brianza : note storiche$9(OLS)http://semarc/title/156161 996 $6260$aCasletto (CO) :$bParrocchia dei santi Gregorio e Marco$9(OLS)http://semarc/publisher/44917 LEADER 00913nam a2200253 i 4500 001 000000148841 003 CaOOAMICUS 005 20260121160327.0 008 060316s1965 vc u000 u lat u 040 $aSeMil$bita 110 2 $aChiesa Cattolica.$0(OLS)http://semarc/name/987 245 10$aKyriale simplex. 250 $aEd. Typica. 264 1$a[Cittą del Vaticano] :$bTypis Polyglottis Vaticanis,$c1965. 300 $a47 p. ;$c21 cm. 650 4$aLibri liturgici - Kyriale.$0(OLS)http://semarc/subject/59371 850 $aSeMil 852 $aSeMil$W1$xVenegono$y1$m5D IV 7/23$j266617$B101196$CSeMilBibl$Z2$F110476 $81 910 2 $aSanta Sede. 961 $aOmaggio: Altro 996 $6245$aKyriale simplex$9(OLS)http://semarc/title/217586 996 $6264$a[Cittą del Vaticano] :$bTypis Polyglottis Vaticanis$9(OLS)http://semarc/publisher/34811